[Event "SUI-ch Blitz"]
[Site "Biel"]
[Date "2023.07.29"]
[Round "9"]
[White "Rosen, Eric S"]
[Black "Jenni, Florian"]
[Result "1-0"]
[WhiteElo "2344"]
[BlackElo "2456"]
[PlyCount "24"]
[EventDate "2023.07.29"]
[EventType "swiss (blitz)"]
[EventRounds "13"]
[EventCountry "SUI"]
[SourceTitle "CBM 215 Extra"]
[Source "ChessBase"]
[SourceDate "2023.09.30"]
[SourceVersion "1"]
[SourceVersionDate "2023.09.30"]
[SourceQuality "1"]

1. c4 e5 2. Nc3 Bb4 3. Qb3 Bxc3 4. Qxc3 Nc6 5. Nf3 Qe7 6. a3 a5 7. e3 a4 8. Be2 Nf6 9. b4 axb3 10. Qxb3 0-0 11. Bb2 d6 12. d3 b6 1-0

[Event "Titled Tuesday intern op 06th Apr"]
[Site "Chess.com INT"]
[Date "2021.04.06"]
[Round "4"]
[White "Jenni, Florian"]
[Black "Kanyamarala, Trisha"]
[Result "1-0"]
[WhiteElo "2456"]
[BlackElo "2180"]
[PlyCount "65"]
[EventDate "2021.04.06"]
[EventType "swiss (blitz)"]
[EventRounds "11"]
[EventCountry "USA"]
[SourceTitle "CBM 201 Extra"]
[Source "ChessBase"]
[SourceDate "2021.05.31"]
[SourceVersion "1"]
[SourceVersionDate "2021.05.31"]
[SourceQuality "1"]

1. e4 c5 2. Nf3 d6 3. d4 cxd4 4. Nxd4 Nf6 5. Nc3 Nc6 6. f3 e5 7. Nb3 a5 8. Bb5 Be6 9. Bg5 Be7 10. Bxf6 Bxf6 11. Nd5 Bh4+ 12. g3 Bg5 13. h4 Be7 14. a4 0-0 15. Qd2 f5 16. 0-0-0 Rc8 17. Kb1 Kh8 18. Bxc6 Rxc6 19. Qxa5 Qe8 20. Qb4 Ra6 21. a5 Bxd5 22. Rxd5 fxe4 23. fxe4 Rf3 24. Qxb7 Ra8 25. a6 Rb8 26. Qc7 Rc8 27. Qb6 Qc6 28. Qxc6 Rxc6 29. a7 Ra6 30. Ra5 Rxa5 31. Nxa5 Rf8 32. Nc6 Bf6 33. Nb8 1-0

[Event "Titled Tuesday intern op 30th Mar"]
[Site "Chess.com INT"]
[Date "2021.03.30"]
[Round "11"]
[White "Florescu, Codrut Constantin"]
[Black "Jenni, Florian"]
[Result "1-0"]
[WhiteElo "2293"]
[BlackElo "2456"]
[PlyCount "79"]
[EventDate "2021.03.30"]
[EventType "swiss (blitz)"]
[EventRounds "11"]
[EventCountry "USA"]
[SourceTitle "CBM 201 Extra"]
[Source "ChessBase"]
[SourceDate "2021.05.31"]
[SourceVersion "1"]
[SourceVersionDate "2021.05.31"]
[SourceQuality "1"]

1. d4 Nf6 2. Nf3 e6 3. Bf4 Bd6 4. Bxd6 cxd6 5. e3 b6 6. c4 Bb7 7. Nc3 d5 8. cxd5 Nxd5 9. Nxd5 Bxd5 10. Bd3 0-0 11. 0-0 Bxf3 12. Qxf3 d5 13. Rfc1 Nd7 14. Ba6 Nf6 15. Rc2 Qd7 16. Qe2 Rab8 17. a4 Qd6 18. Rac1 h5 19. h3 g6 20. Rc7 Qb4 21. Qb5 Qd2 22. R7c2 Qa5 23. b4 Qxb5 24. axb5 Ne8 25. Rc6 Kg7 26. f3 Kf6 27. e4 dxe4 28. fxe4 Rd8 29. R1c4 Ke7 30. e5 f6 31. Bc8 Rxc8 32. Rxc8 fxe5 33. dxe5 Rf5 34. Ra8 Rxe5 35. Rxa7+ Kf6 36. Rf4+ Kg5 37. g3 Nd6 38. h4+ Kh6 39. Rf8 g5 40. Rf6# 1-0

[Event "Titled Tuesday intern op 30th Mar"]
[Site "Chess.com INT"]
[Date "2021.03.30"]
[Round "3"]
[White "Jenni, Florian"]
[Black "Suvorov, Alexander David"]
[Result "1/2-1/2"]
[WhiteElo "2456"]
[BlackElo "2353"]
[PlyCount "128"]
[EventDate "2021.03.30"]
[EventType "swiss (blitz)"]
[EventRounds "11"]
[EventCountry "USA"]
[SourceTitle "CBM 201 Extra"]
[Source "ChessBase"]
[SourceDate "2021.05.31"]
[SourceVersion "1"]
[SourceVersionDate "2021.05.31"]
[SourceQuality "1"]

1. e4 c5 2. Nf3 e6 3. c3 Nf6 4. e5 Nd5 5. d4 cxd4 6. cxd4 d6 7. Bc4 Be7 8. 0-0 0-0 9. Qe2 b6 10. Bxd5 exd5 11. Re1 Bg4 12. h3 Bh5 13. Nc3 Nc6 14. g4 Bg6 15. Nxd5 dxe5 16. Nxe7+ Qxe7 17. dxe5 Nb4 18. Bg5 Qb7 19. Rad1 Rac8 20. e6 fxe6 21. Ne5 Bc2 22. Rd7 Rc7 23. Rxc7 Qxc7 24. Rc1 Qd6 25. a3 Nd3 26. Nxd3 Bxd3 27. Qe3 e5 28. Rd1 e4 29. Qxe4 Qh2+ 30. Kxh2 Bxe4 31. Be3 Bc6 32. Rd6 Ba4 33. Kg3 h6 34. Bd4 Rf7 35. Bc3 Rd7 36. Re6 Rf7 37. f4 Bb3 38. Rc6 Bd5 39. Rd6 Bb7 40. f5 Re7 41. Bd4 Rc7 42. h4 Bc8 43. Rd8+ Kf7 44. g5 hxg5 45. hxg5 Bxf5 46. Kf4 Bg6 47. Ke5 Re7+ 48. Kd5 Be4+ 49. Kd6 Re6+ 50. Kc7 Re7+ 51. Rd7 Rxd7+ 52. Kxd7 Kg6 53. Kc7 b5 54. Kb8 a5 55. Ka7 a4 56. Kb6 Bd3 57. Kc5 Bc4 58. Kb4 Kf7 59. Be5 g6 60. Bd4 Ke6 61. Bf6 Kf5 62. Kc3 Ke4 63. Kb4 Kd3 64. Bg7 Ke4 1/2-1/2

[Event "Titled Tuesday intern op 26th Jan"]
[Site "Chess.com INT"]
[Date "2021.01.26"]
[Round "5"]
[White "Jenni, Florian"]
[Black "Sevgi, Volkan"]
[Result "0-1"]
[WhiteElo "2456"]
[BlackElo "2344"]
[PlyCount "80"]
[EventDate "2021.01.26"]
[EventType "swiss (blitz)"]
[EventRounds "11"]
[EventCountry "USA"]
[SourceTitle "CBM 200 Extra"]
[Source "ChessBase"]
[SourceDate "2021.03.31"]
[SourceVersion "1"]
[SourceVersionDate "2021.03.31"]
[SourceQuality "1"]

1. e4 c6 2. d4 d5 3. e5 Bf5 4. h4 h5 5. Bd3 Bxd3 6. Qxd3 e6 7. Nf3 Qa5+ 8. Ke2 Qa6 9. b3 Ne7 10. Bg5 Nf5 11. c4 Nd7 12. cxd5 Qxd3+ 13. Kxd3 cxd5 14. Rc1 f6 15. Bf4 Be7 16. g3 Bd8 17. Nc3 a6 18. Nd1 Kf7 19. Ne3 Nxe3 20. Kxe3 Bb6 21. Rc2 Rac8 22. Rac1 Rxc2 23. Rxc2 Kg6 24. b4 Kf5 25. a4 a5 26. b5 Rg8 27. Kd3 Kg4 28. Ke3 Rf8 29. Rc1 Kf5 30. Rc2 Bd8 31. Kd3 Nb6 32. exf6 gxf6 33. Bd6 Re8 34. Nd2 e5 35. dxe5 fxe5 36. f3 e4+ 37. fxe4+ dxe4+ 38. Ke2 Nxa4 39. Rc4 Nb6 40. Rd4 Bf6 0-1

[Event "Titled Tuesday intern op 29th Dec"]
[Site "Chess.com INT"]
[Date "2020.12.29"]
[Round "2"]
[White "Jenni, Florian"]
[Black "Gracia Alvarez, Gerardo Antonio"]
[Result "1-0"]
[WhiteElo "2456"]
[BlackElo "2308"]
[PlyCount "121"]
[EventDate "2020.12.29"]
[EventType "swiss (blitz)"]
[EventRounds "11"]
[EventCountry "USA"]
[SourceTitle "CBM 200 Extra"]
[Source "ChessBase"]
[SourceDate "2021.03.31"]
[SourceVersion "1"]
[SourceVersionDate "2021.03.31"]
[SourceQuality "1"]

1. e4 c5 2. Nf3 Nc6 3. Bb5 g6 4. Bxc6 dxc6 5. h3 Bg7 6. Qe2 e5 7. a3 a5 8. d3 Qe7 9. Nbd2 Nf6 10. Nc4 Nd7 11. a4 0-0 12. Bd2 b6 13. b3 Ba6 14. Bc3 Rab8 15. g4 Rfe8 16. h4 h6 17. h5 g5 18. Ne3 Nf8 19. Nf5 Qc7 20. Qd2 Ne6 21. Ng1 Nf4 22. Nh3 f6 23. Nxf4 exf4 24. f3 Bc8 25. 0-0 Bxf5 26. gxf5 Qf7 27. Qh2 Bf8 28. Kg2 Bd6 29. Rad1 Be5 30. Bxe5 fxe5 31. Ra1 Kg7 32. Qh3 Kf6 33. Qg4 Ra8 34. Ra2 Ra7 35. Rfa1 Rea8 36. Kh3 b5 37. Kh2 Qd7 38. Kh3 Qd4 39. Qg2 c4 40. axb5 cxb5 41. bxc4 bxc4 42. Qe2 cxd3 43. Qxd3 Qxd3 44. cxd3 a4 45. Ra3 Ra6 46. Kg4 Ke7 47. Rb1 R8a7 48. Rb5 Kf6 49. Rb4 Ra8 50. d4 exd4 51. Rxd4 R8a7 52. Rd5 Ra8 53. e5+ Kf7 54. Rb5 R8a7 55. Rc5 Ra5 56. Rxa5 Rxa5 57. e6+ Kf6 58. Rc3 a3 59. Rc7 Ke5 60. e7 Ra8 61. Ra7 1-0

[Event "Titled Tuesday intern op 22nd Dec"]
[Site "Chess.com INT"]
[Date "2020.12.22"]
[Round "3"]
[White "Jenni, Florian"]
[Black "Idrisova, Roza"]
[Result "1-0"]
[WhiteElo "2456"]
[BlackElo "1944"]
[PlyCount "63"]
[EventDate "2020.12.22"]
[EventType "swiss (blitz)"]
[EventRounds "11"]
[EventCountry "USA"]
[SourceTitle "CBM 199 Extra"]
[Source "ChessBase"]
[SourceDate "2021.01.31"]
[SourceVersion "1"]
[SourceVersionDate "2021.01.31"]
[SourceQuality "1"]

1. e4 c6 2. d4 d5 3. e5 c5 4. dxc5 e6 5. Nf3 Bxc5 6. Bd3 Nc6 7. a3 Nge7 8. b4 Bb6 9. 0-0 Ng6 10. Nbd2 Ncxe5 11. Nxe5 Nxe5 12. Bb2 f6 13. Bxe5 fxe5 14. Qh5+ Kf8 15. Qxe5 Qf6 16. Qg3 g6 17. c4 Bd4 18. Rae1 Kg7 19. Nf3 Bc3 20. Re3 Bd7 21. cxd5 exd5 22. Qc7 Rhd8 23. Bb5 d4 24. Rxc3 dxc3 25. Bxd7 Kh8 26. Re1 Qg7 27. Ne5 Rac8 28. Qd6 c2 29. Rc1 Rc3 30. h4 Rf8 31. Ba4 Qc7 32. Qxf8# 1-0

[Event "Titled Tuesday intern op 22nd Dec"]
[Site "Chess.com INT"]
[Date "2020.12.22"]
[Round "6"]
[White "Jenni, Florian"]
[Black "Najer, Evgeniy"]
[Result "0-1"]
[WhiteElo "2456"]
[BlackElo "2648"]
[PlyCount "80"]
[EventDate "2020.12.22"]
[EventType "swiss (blitz)"]
[EventRounds "11"]
[EventCountry "USA"]
[SourceTitle "CBM 199 Extra"]
[Source "ChessBase"]
[SourceDate "2021.01.31"]
[SourceVersion "1"]
[SourceVersionDate "2021.01.31"]
[SourceQuality "1"]

1. e4 c6 2. d4 d5 3. e5 Bf5 4. h4 h5 5. Bd3 Bxd3 6. Qxd3 Qa5+ 7. Ke2 e6 8. Nf3 c5 9. c4 dxc4 10. Qxc4 Nc6 11. dxc5 Bxc5 12. Nc3 Be7 13. Bf4 Nh6 14. Bxh6 Rxh6 15. Qe4 Rg6 16. g3 Rg4 17. Qe3 Bc5 18. Qd3 Rd8 19. Qb5 Re4+ 20. Kf1 Qxb5+ 21. Nxb5 Rb4 22. Nc3 Bd4 23. Nxd4 Rdxd4 24. b3 Nxe5 25. Kg2 Rd2 26. Rhd1 Rbd4 27. Kf1 Ke7 28. Rxd2 Rxd2 29. Re1 Nd3 30. Re2 Rxe2 31. Kxe2 Nb4 32. a3 Nd5 33. Ne4 e5 34. Kd3 f5 35. Nc5 b6 36. Kc4 Nf6 37. Nd3 Kd6 38. f4 Ng4 39. Kc3 e4 40. Ne1 Ne3 0-1

[Event "Chess.com Bullet op1"]
[Site "Chess.com INT"]
[Date "2020.12.19"]
[Round "16"]
[White "Chen, Justin"]
[Black "Jenni, Florian"]
[Result "1-0"]
[WhiteElo "2247"]
[BlackElo "2456"]
[PlyCount "69"]
[EventDate "2020.12.19"]
[EventType "swiss (blitz)"]
[EventRounds "21"]
[EventCountry "USA"]
[SourceTitle "EXT 2022"]
[Source "ChessBase"]
[SourceDate "2021.10.06"]
[SourceVersion "1"]
[SourceVersionDate "2021.10.06"]
[SourceQuality "1"]

1. b3 e5 2. Bb2 Nc6 3. c4 Nf6 4. e3 d6 5. d3 g6 6. Nf3 Bg7 7. Be2 0-0 8. Nbd2 Qe7 9. a3 Bg4 10. 0-0 Bxf3 11. Bxf3 Rab8 12. b4 Nd8 13. Qc2 Ne6 14. Ne4 Nxe4 15. Bxe4 Ng5 16. b5 f5 17. Bd5+ Kh8 18. g3 e4 19. Bxg7+ Kxg7 20. Rfd1 Rbe8 21. Bxb7 Nf3+ 22. Kg2 Qg5 23. c5 Qg4 24. cxd6 Nh4+ 25. Kg1 Nf3+ 26. Kg2 Nh4+ 27. Kf1 Qh3+ 28. Ke2 Qg4+ 29. Kd2 Nf3+ 30. Kc1 cxd6 31. Kb1 Kh6 32. Qb2 exd3 33. h3 Qxh3 34. Bxf3 Qg2 35. Bxg2 1-0

[Event "Chess.com Bullet op1"]
[Site "Chess.com INT"]
[Date "2020.12.19"]
[Round "14"]
[White "Jenni, Florian"]
[Black "Reimanis, Ritvars"]
[Result "1-0"]
[WhiteElo "2456"]
[BlackElo "2412"]
[PlyCount "103"]
[EventDate "2020.12.19"]
[EventType "swiss (blitz)"]
[EventRounds "21"]
[EventCountry "USA"]
[SourceTitle "EXT 2022"]
[Source "ChessBase"]
[SourceDate "2021.10.06"]
[SourceVersion "1"]
[SourceVersionDate "2021.10.06"]
[SourceQuality "1"]

1. e4 e6 2. Nf3 d5 3. e5 c5 4. b4 c4 5. a3 a5 6. b5 Nd7 7. d4 cxd3 8. Bxd3 Ne7 9. a4 Ng6 10. Bxg6 hxg6 11. 0-0 Qc7 12. Ba3 Bxa3 13. Nxa3 Nxe5 14. Nxe5 Qxe5 15. g3 Qh5 16. Qxh5 gxh5 17. c4 dxc4 18. Nxc4 Ke7 19. Nb6 Rb8 20. Rac1 e5 21. Rfd1 Be6 22. Rc7+ Kf6 23. Nd7+ Kf5 24. Nxb8 Rxb8 25. f3 h4 26. Kf2 hxg3+ 27. hxg3 Rh8 28. Ke3 b6 29. Rc6 Rh2 30. Rxb6 Ra2 31. g4+ Kg5 32. Rxe6 fxe6 33. Rb1 Rxa4 34. b6 e4 35. b7 exf3 36. b8Q Ra3+ 37. Ke4 Ra4+ 38. Kxf3 Ra3+ 39. Rb3 Ra4 40. Qe5+ Kg6 41. Qh5+ Kf6 42. g5+ Ke7 43. Rb7+ Kd6 44. Qh2+ Kd5 45. Qc7 Ra3+ 46. Ke2 Ra2+ 47. Kd3 Ra4 48. Qd7+ Ke5 49. Qxa4 Kf5 50. Qe4+ Kxg5 51. Rxg7+ Kh6 52. Qg6# 1-0

[Event "Chess.com Bullet op1"]
[Site "Chess.com INT"]
[Date "2020.12.19"]
[Round "15"]
[White "Jenni, Florian"]
[Black "Vastrukhin, Oleg"]
[Result "0-1"]
[WhiteElo "2456"]
[BlackElo "2401"]
[PlyCount "78"]
[EventDate "2020.12.19"]
[EventType "swiss (blitz)"]
[EventRounds "21"]
[EventCountry "USA"]
[SourceTitle "EXT 2022"]
[Source "ChessBase"]
[SourceDate "2021.10.06"]
[SourceVersion "1"]
[SourceVersionDate "2021.10.06"]
[SourceQuality "1"]

1. e4 g6 2. Nf3 Bg7 3. d4 c6 4. Nc3 d5 5. h3 Nf6 6. e5 Ne4 7. Bd3 Nxc3 8. bxc3 c5 9. a4 Nc6 10. 0-0 0-0 11. Ba3 c4 12. Be2 Qa5 13. Qd2 Re8 14. Ng5 f6 15. exf6 exf6 16. Nf3 Be6 17. Rfe1 Bf7 18. Bf1 Rxe1 19. Rxe1 Re8 20. Rxe8+ Bxe8 21. g4 Qxa4 22. Bd6 Bf7 23. Bg2 Qa1+ 24. Kh2 a5 25. g5 a4 26. gxf6 Bxf6 27. Qf4 Bg7 28. Ne5 Nxe5 29. dxe5 Qxc3 30. Qg5 h6 31. Qd8+ Kh7 32. Qe7 Bg8 33. e6 Qf6 34. Bxd5 Qxe7 35. Bxe7 b5 36. Bb4 Be5+ 37. Kg2 Kg7 38. e7 Bxd5+ 39. Kf1 Kf7 0-1

[Event "Chess.com Bullet op1"]
[Site "Chess.com INT"]
[Date "2020.12.19"]
[Round "12"]
[White "Jenni, Florian"]
[Black "Zubritskiy, Artyom"]
[Result "0-1"]
[WhiteElo "2456"]
[BlackElo "2442"]
[PlyCount "76"]
[EventDate "2020.12.19"]
[EventType "swiss (blitz)"]
[EventRounds "21"]
[EventCountry "USA"]
[SourceTitle "EXT 2022"]
[Source "ChessBase"]
[SourceDate "2021.10.06"]
[SourceVersion "1"]
[SourceVersionDate "2021.10.06"]
[SourceQuality "1"]

1. e4 c5 2. Nf3 d6 3. Bb5+ Nd7 4. c4 Ngf6 5. Nc3 h6 6. d4 cxd4 7. Qxd4 e5 8. Qd3 Be7 9. Be3 0-0 10. Bxd7 Bxd7 11. Nd2 Be6 12. f3 a6 13. 0-0 b5 14. cxb5 axb5 15. Nxb5 d5 16. a4 d4 17. Bf2 Qa5 18. Rfc1 Qb4 19. b3 Nd7 20. Be1 Nc5 21. Rxc5 Qxc5 22. Nc4 Rfb8 23. Rc1 Rxb5 24. axb5 Qxb5 25. Bd2 Rb8 26. Kf2 f6 27. Ke2 Qxb3 28. Qxb3 Rxb3 29. Na5 Rb2 30. Kd3 Rxd2+ 31. Kxd2 Bb4+ 32. Kd3 Bxa5 33. Rc6 Kf7 34. f4 exf4 35. Kxd4 Bd2 36. e5 Be3+ 37. Ke4 f5+ 38. Kd3 Bd5 0-1

[Event "Chess.com Bullet op1"]
[Site "Chess.com INT"]
[Date "2020.12.19"]
[Round "19"]
[White "Vitenberg, Noam Aviv"]
[Black "Jenni, Florian"]
[Result "1-0"]
[WhiteElo "2320"]
[BlackElo "2456"]
[PlyCount "29"]
[EventDate "2020.12.19"]
[EventType "swiss (blitz)"]
[EventRounds "21"]
[EventCountry "USA"]
[SourceTitle "EXT 2022"]
[Source "ChessBase"]
[SourceDate "2021.10.06"]
[SourceVersion "1"]
[SourceVersionDate "2021.10.06"]
[SourceQuality "1"]

1. Nf3 d5 2. d4 c6 3. c4 Nf6 4. Nc3 a6 5. Bf4 Bg4 6. e3 b5 7. cxd5 Bxf3 8. Qxf3 cxd5 9. Rc1 e6 10. Bd3 Nc6 11. Nxb5 Nb4 12. Nc7+ Qxc7 13. Rxc7 Nxd3+ 14. Kd2 Nxb2 15. Rb1 1-0

[Event "Titled Tuesday intern op 01st Dec"]
[Site "Chess.com INT"]
[Date "2020.12.01"]
[Round "4"]
[White "Fawzy, Adham"]
[Black "Jenni, Florian"]
[Result "0-1"]
[WhiteElo "2470"]
[BlackElo "2456"]
[PlyCount "71"]
[EventDate "2020.12.01"]
[EventType "swiss (blitz)"]
[EventRounds "11"]
[EventCountry "USA"]
[SourceTitle "CBM 199 Extra"]
[Source "ChessBase"]
[SourceDate "2021.01.31"]
[SourceVersion "1"]
[SourceVersionDate "2021.01.31"]
[SourceQuality "1"]

1. e4 e5 2. Nf3 Nc6 3. Bb5 a6 4. Bxc6 dxc6 5. 0-0 f6 6. d4 exd4 7. Nxd4 c5 8. Nb3 Qxd1 9. Rxd1 Bg4 10. f3 Bd7 11. Bf4 0-0-0 12. Nc3 c4 13. Na5 Bc5+ 14. Kf1 b5 15. Nd5 Ne7 16. a4 Nxd5 17. exd5 bxa4 18. Nc6 Bxc6 19. dxc6 Rxd1+ 20. Rxd1 Rd8 21. Ra1 c3 22. b4 Bxb4 23. Rxa4 a5 24. Ra1 Rd4 25. Bg3 Rc4 26. Re1 Rxc6 27. Re8+ Kb7 28. Rg8 a4 29. Re8 Bd6 30. Bf2 Be5 31. Rd8 Rd6 32. Rxd6 cxd6 33. f4 Bxf4 34. Bd4 Bd2 35. Bc5 dxc5 36. Ke2 0-1

[Event "Titled Tuesday intern op 01st Dec"]
[Site "Chess.com INT"]
[Date "2020.12.01"]
[Round "5"]
[White "Jenni, Florian"]
[Black "Djordjevic, Vuk D"]
[Result "1-0"]
[WhiteElo "2456"]
[BlackElo "2350"]
[PlyCount "57"]
[EventDate "2020.12.01"]
[EventType "swiss (blitz)"]
[EventRounds "11"]
[EventCountry "USA"]
[SourceTitle "CBM 199 Extra"]
[Source "ChessBase"]
[SourceDate "2021.01.31"]
[SourceVersion "1"]
[SourceVersionDate "2021.01.31"]
[SourceQuality "1"]

1. e4 e6 2. Nf3 d5 3. e5 c5 4. b4 cxb4 5. a3 Nc6 6. d4 Nh6 7. Bxh6 gxh6 8. axb4 Bxb4+ 9. c3 Be7 10. Bd3 Bd7 11. Qd2 Bg5 12. Nxg5 hxg5 13. h4 gxh4 14. Qf4 Qe7 15. Rxh4 0-0-0 16. Rh6 Rdg8 17. g3 Qg5 18. Qxg5 Rxg5 19. Nd2 Rg7 20. 0-0-0 Kc7 21. Rdh1 a5 22. Kb2 b5 23. Nb3 b4 24. Nc5 bxc3+ 25. Kxc3 Bc8 26. Bb5 Na7 27. Ba4 Bb7 28. Rxe6 Kc8 29. Re7 1-0

[Event "Titled Tuesday intern op 01st Dec"]
[Site "Chess.com INT"]
[Date "2020.12.01"]
[Round "6"]
[White "Kukhmazov, Arsen"]
[Black "Jenni, Florian"]
[Result "1-0"]
[WhiteElo "2442"]
[BlackElo "2456"]
[PlyCount "63"]
[EventDate "2020.12.01"]
[EventType "swiss (blitz)"]
[EventRounds "11"]
[EventCountry "USA"]
[SourceTitle "CBM 199 Extra"]
[Source "ChessBase"]
[SourceDate "2021.01.31"]
[SourceVersion "1"]
[SourceVersionDate "2021.01.31"]
[SourceQuality "1"]

1. Nf3 Nf6 2. g3 d5 3. d4 c6 4. Bg2 Bg4 5. 0-0 e6 6. Ne5 Bf5 7. c4 Nbd7 8. Qb3 Qb6 9. Nc3 Nxe5 10. dxe5 Nd7 11. cxd5 exd5 12. Bf4 Be6 13. Qc2 h6 14. Rfd1 Bb4 15. Na4 Qa6 16. a3 Be7 17. e4 dxe4 18. Bxe4 0-0 19. Bd3 Qa5 20. Nc3 g5 21. b4 Qc7 22. Be3 Nxe5 23. Bf5 Qc8 24. Bh7+ Kg7 25. Bd4 Bf6 26. Kg2 Re8 27. Ne4 Bd5 28. f3 Nd7 29. Nxf6 Nxf6 30. Bf5 Qc7 31. Re1 Rxe1 32. Rxe1 1-0

[Event "Titled Tuesday intern op 01st Dec"]
[Site "Chess.com INT"]
[Date "2020.12.01"]
[Round "1"]
[White "Musat, Adrian"]
[Black "Jenni, Florian"]
[Result "0-1"]
[WhiteElo "2387"]
[BlackElo "2456"]
[PlyCount "48"]
[EventDate "2020.12.01"]
[EventType "swiss (blitz)"]
[EventRounds "11"]
[EventCountry "USA"]
[SourceTitle "CBM 199 Extra"]
[Source "ChessBase"]
[SourceDate "2021.01.31"]
[SourceVersion "1"]
[SourceVersionDate "2021.01.31"]
[SourceQuality "1"]

1. c4 e5 2. g3 c6 3. Nf3 e4 4. Nd4 d5 5. d3 exd3 6. cxd5 Qxd5 7. Nf3 dxe2 8. Qxe2+ Be7 9. Nc3 Qh5 10. Bg5 Bg4 11. Bxe7 Bxf3 12. Ba3+ Bxe2 13. Bxe2 Qh6 14. 0-0 Nd7 15. Rad1 Ngf6 16. Rfe1 0-0-0 17. Bd6 Nb6 18. Bf3 Rxd6 19. Rxd6 Rd8 20. Red1 Rxd6 21. Rxd6 Qc1+ 22. Kg2 Qxb2 23. Ne4 Nxe4 24. Bxe4 Qe5 0-1

[Event "Titled Tuesday intern op 24th Nov"]
[Site "Chess.com INT"]
[Date "2020.11.24"]
[Round "4"]
[White "Jenni, Florian"]
[Black "Willow, Jonah B"]
[Result "1-0"]
[WhiteElo "2456"]
[BlackElo "2386"]
[PlyCount "163"]
[EventDate "2020.11.24"]
[EventType "swiss (blitz)"]
[EventRounds "11"]
[EventCountry "USA"]
[SourceTitle "CBM 199 Extra"]
[Source "ChessBase"]
[SourceDate "2021.01.31"]
[SourceVersion "1"]
[SourceVersionDate "2021.01.31"]
[SourceQuality "1"]

1. e4 c5 2. Nf3 Nc6 3. Bb5 g6 4. Bxc6 dxc6 5. d3 Bg7 6. h3 e5 7. a3 Ne7 8. b4 cxb4 9. axb4 h6 10. Nbd2 0-0 11. Nc4 Be6 12. Ncxe5 Bxe5 13. Nxe5 Qd4 14. Bxh6 Qxe5 15. Bxf8 Kxf8 16. 0-0 g5 17. Qh5 Ng6 18. h4 gxh4 19. Qxe5 Nxe5 20. f4 Ng4 21. f5 Bd7 22. Rf4 Nh6 23. Rxh4 Kg7 24. Kf2 f6 25. Rah1 Rh8 26. Kf3 Nf7 27. Rxh8 Nxh8 28. g4 Nf7 29. d4 Nd6 30. Kf4 Nb5 31. Ke3 Be8 32. c4 Nd6 33. c5 Nb5 34. d5 cxd5 35. exd5 Nc3 36. d6 Nd5+ 37. Kd2 Nxb4 38. Re1 Kf8 39. Re7 Bc6 40. Rh7 Ke8 41. Re7+ Kd8 42. g5 Nd5 43. Rg7 fxg5 44. Rxg5 a6 45. Rg8+ Kd7 46. Rg7+ Ke8 47. Kd3 a5 48. Kd4 a4 49. Rg3 Kf7 50. Ke5 Nf6 51. Rh3 Nd7+ 52. Kf4 Nxc5 53. Rh7+ Kf6 54. Rh6+ Kg7 55. Rg6+ Kf7 56. Ke5 a3 57. Rg3 a2 58. Ra3 Nd3+ 59. Kd4 Nc1 60. Kc3 Bd5 61. Kb2 Ne2 62. Rd3 Nf4 63. Rd4 Ke8 64. Rxf4 Kd7 65. f6 Bf7 66. Rd4 b5 67. Re4 Kxd6 68. Re7 Bd5 69. Re8 Kd7 70. Re7+ Kd6 71. Re8 Bf7 72. Re7 Bc4 73. Re1 Kd7 74. Re7+ Kd6 75. Ra7 b4 76. f7 Bxf7 77. Rxf7 Kc5 78. Ra7 b3 79. Ra3 Kb4 80. Rxb3+ Ka4 81. Ra3+ Kb4 82. Rxa2 1-0